| 000 | 00608nam a2200229Ia 4500 | ||
|---|---|---|---|
| 001 | 1707 | ||
| 003 | GE_BSU | ||
| 008 | 181216s||||||||xx |||||||||||||| ||und|| | ||
| 020 | _a9789994053438 | ||
| 040 | _cGE_BSU | ||
| 080 | _a821.353.1–3 | ||
| 100 | _aდუმბაძე, ნოდარ | ||
| 245 | _aმე ვხედავ მზეს. | ||
| 260 | _aთბილისი | ||
| 260 | _bპალიტრა | ||
| 260 | _c2007 | ||
| 300 | _a271 გვ. 16 სმ. | ||
| 541 | _h5 ლ. | ||
| 653 | _aმე ვხედავ მზეს. | ||
| 653 | _aნოველა | ||
| 942 | _cBK | ||
| 999 |
_c35818 _d35818 |
||